| 000 | 01454cam a22003494a 4500 | ||
|---|---|---|---|
| 001 | 11806179 | ||
| 003 | OSt | ||
| 005 | 20140310184354.0 | ||
| 008 | 991008s2000 nyua c 000 0beng | ||
| 010 | _a 99052380 | ||
| 020 | _a0439313937 | ||
| 040 |
_aDLC _cDLC _dDLC |
||
| 042 |
_apcc _alcac |
||
| 043 | _ae-it--- | ||
| 050 | 0 | 0 |
_aN 6923.B9 _b.St546 2001 |
| 100 | 1 |
_aStanley, Diane. _914698 |
|
| 245 | 1 | 0 |
_aMichelangelo / _cDiane Stanley. |
| 260 |
_aNew York : _bHarperCollins, _c2001 |
||
| 300 |
_bcol. ill. ; _c29 cm. |
||
| 520 | _aA biography of the Renaissance sculptor, painter, architect, and poet, well known for his work on the Sistine Chapel in Rome's St. Peter's Cathedral. | ||
| 521 | _aG11 | ||
| 526 | _c940 | ||
| 600 | 0 | 0 |
_aMichelangelo Buonarroti, _d1475-1564 _vJuvenile literature. _925430 |
| 600 | 0 | 1 |
_aMichelangelo Buonarroti, _d1475-1564. _925431 |
| 650 | 0 |
_aArtists _zItaly _vBiography _vJuvenile literature. _925432 |
|
| 650 | 1 |
_aArtists. _915797 |
|
| 856 | 4 | 2 |
_3Publisher description _uhttp://www.loc.gov/catdir/description/hc041/99052380.html |
| 906 |
_a7 _bcbc _corignew _d1 _eocip _f19 _gy-gencatlg |
||
| 942 |
_2lcc _cBK-SCHOLAS |
||
| 999 |
_c33989 _d33989 |
||